000 00571nam a22001697a 4500
005 20251108165444.0
008 250721s9999 xx 000 0 ara d
082 1 4 _aم/811.6/نبا
100 1 _aإبن نباته المصري، جمال الدين أبو بكر محمد بن محمد
245 1 0 _aديوان إبن نباته المصري /
264 1 _aبيروت :
_bدار أحياء التراث العربي،
_c[19-].
300 _a596ص
650 1 7 _aالشعر العربي
650 1 7 _aالشعر العباسي
942 _2ddc
_cREF
999 _c28337
_d28337